00839nam a2200217 i 450000100060000000300090000600500170001500700030003200800410003504000130007608000190008910000290010824501320013726000690026930000450033850400190038360000480040265500170045071000550046785200990052222167ES-MaACL20250825062717.0t|000313s1985 sp af ||||1|bspa d cES-MaACL a929:75 Anselma1 aAzcue Brea, Leticiaeaut10aMadame Anselma, pintora gaditana de origen ruso, en la Real Academia de Bellas Artes de San Fernando / cpor Leticia Azcue Brea aMadrid : bReal Academia de Bellas Artes de San Fernando, c1985 a11 hojas, 3 hojas de láminas ; c25 cm aBibliografía14aGessler de Lacroix, Alejandrina,d1831-1907 0aBiografías2 aReal Academia de Bellas Artes de San Fernandoeedt aES-MaACLcDEPO2gDedicatoria autógrafa de la autorahDonación Leticia Azcue BreajL-10393